Comenzando a criar conejos / Rogelio Delgado Bogaert (Registro nro. 5656)
[ vista simple ]
| 000 -LEADER | |
|---|---|
| fixed length control field | 00499nam a22001811a 4500 |
| 001 - CONTROL NUMBER | |
| control field | 5656 |
| 003 - CONTROL NUMBER IDENTIFIER | |
| control field | OSt |
| 005 - DATE AND TIME OF LATEST TRANSACTION | |
| control field | 20260204212023.0 |
| 008 - FIXED-LENGTH DATA ELEMENTS--GENERAL INFORMATION | |
| fixed length control field | 060202s1989||||DR ||||||b||||||||||spa|| |
| 050 ## - LIBRARY OF CONGRESS CALL NUMBER | |
| Classification number | RD 636.9322 C333c |
| 100 ## - ASIENTO PRINCIPAL -- NOMBRE PERSONAL | |
| Personal name | Delgado Bogaert, Rogelio |
| 245 ## - TÍTULO PROPIAMENTE DICHO: SUBTÍTULO | |
| Title | Comenzando a criar conejos / Rogelio Delgado Bogaert |
| 250 ## - MENCIÓN DE EDICIÓN | |
| Edition statement | 4 |
| 264 ## - PRODUCTION, PUBLICATION, DISTRIBUTION, MANUFACTURE, AND COPYRIGHT NOTICE | |
| Place of production, publication, distribution, manufacture | Santo Domingo: Escuela Nacional de Cunicultura |
| 300 ## - PHYSICAL DESCRIPTION | |
| Extensión | 24 p |
| 650 ## - ASIENTO SECUNDARIO DE MATERIA -- TERMINO TEMÁTICO | |
| Termino Temático Como Elemento de Entrada | 1.Conejo-Produción Animal 2- Cria-ConejoÌ |
| 942 ## - ADDED ENTRY ELEMENTS (KOHA) | |
| Source of classification or shelving scheme | Dewey Decimal Classification |
| Koha item type | Libros |
| Withdrawn status | Lost status | Source of classification or shelving scheme | Damaged status | Not for loan | Current library | Date acquired | Total Checkouts | Full call number | Barcode | Date last seen | Price effective from | Koha item type |
|---|---|---|---|---|---|---|---|---|---|---|---|---|
| Dewey Decimal Classification | Biblioteca UTECO | 09/09/2019 | RD 636.9322 C333C | 007907 | 09/09/2019 | 09/09/2019 | Libros | |||||
| Dewey Decimal Classification | Biblioteca UTECO | 09/09/2019 | RD 636.9322 C333C | 007908 | 09/09/2019 | 09/09/2019 | Libros |
